<?xml version="1.0" encoding="UTF-8"?>
<record
    xmlns:xsi="http://www.w3.org/2001/XMLSchema-instance"
    xsi:schemaLocation="http://www.loc.gov/MARC21/slim http://www.loc.gov/standards/marcxml/schema/MARC21slim.xsd"
    xmlns="http://www.loc.gov/MARC21/slim">

  <leader>01274namaa22003131i 4500</leader>
  <controlfield tag="005">20260514113255.0</controlfield>
  <controlfield tag="008">260514s1995    ua a|||frm||| 000 0 eng d</controlfield>
  <datafield tag="040" ind1=" " ind2=" ">
    <subfield code="a">EG-GICUC</subfield>
    <subfield code="b">eng</subfield>
    <subfield code="c">EG-GICUC</subfield>
    <subfield code="d">EG-GICUC</subfield>
    <subfield code="e">rda</subfield>
  </datafield>
  <datafield tag="041" ind1="0" ind2=" ">
    <subfield code="a">eng</subfield>
    <subfield code="b">eng</subfield>
    <subfield code="b">ara</subfield>
  </datafield>
  <datafield tag="049" ind1=" " ind2=" ">
    <subfield code="a">Deposit</subfield>
  </datafield>
  <datafield tag="097" ind1=" " ind2=" ">
    <subfield code="a">Ph.D</subfield>
  </datafield>
  <datafield tag="099" ind1=" " ind2=" ">
    <subfield code="a">Cai01.12.15.1995.Am.G</subfield>
  </datafield>
  <datafield tag="100" ind1="0" ind2=" ">
    <subfield code="a">Amay Gamal Taher Ali,</subfield>
    <subfield code="e">preparation.</subfield>
  </datafield>
  <datafield tag="245" ind1="1" ind2="0">
    <subfield code="a">Geological and geomicrobiological studies on some selected salinas along the mediterranean coast /</subfield>
    <subfield code="c">By Amay Gamal Taher Ali ; Supervised Prof. Dr. M. El Sharkawy, Prof. Dr. Wolfgang E. Krumbein,Prof. Dr. George Philip</subfield>
  </datafield>
  <datafield tag="264" ind1=" " ind2="0">
    <subfield code="c">1995.</subfield>
  </datafield>
  <datafield tag="300" ind1=" " ind2=" ">
    <subfield code="a">152 Leaves</subfield>
    <subfield code="b">illustrations </subfield>
    <subfield code="c">30 cm. + </subfield>
  </datafield>
  <datafield tag="336" ind1=" " ind2=" ">
    <subfield code="2">rda content</subfield>
    <subfield code="a">text</subfield>
  </datafield>
  <datafield tag="337" ind1=" " ind2=" ">
    <subfield code="2">rdamedia</subfield>
    <subfield code="a">Unmediated</subfield>
  </datafield>
  <datafield tag="338" ind1=" " ind2=" ">
    <subfield code="2">rdacarrier</subfield>
    <subfield code="a">volume</subfield>
  </datafield>
  <datafield tag="502" ind1=" " ind2=" ">
    <subfield code="a">Thesis (Ph.D)-Cairo University, 1995.</subfield>
  </datafield>
  <datafield tag="504" ind1=" " ind2=" ">
    <subfield code="a">Bibliography: pages 128-152</subfield>
  </datafield>
  <datafield tag="653" ind1=" " ind2="0">
    <subfield code="a">selected salinas along the mediterranean coast </subfield>
  </datafield>
  <datafield tag="700" ind1="0" ind2=" ">
    <subfield code="a">M. El Sharkawy</subfield>
    <subfield code="e">thesis advisor.</subfield>
  </datafield>
  <datafield tag="700" ind1="0" ind2=" ">
    <subfield code="a">Wolfgang E. Krumbein</subfield>
    <subfield code="e">thesis advisor.</subfield>
  </datafield>
  <datafield tag="700" ind1="0" ind2=" ">
    <subfield code="a">George Philip</subfield>
    <subfield code="e">thesis advisor.</subfield>
  </datafield>
  <datafield tag="900" ind1=" " ind2=" ">
    <subfield code="D">Department of Geology</subfield>
    <subfield code="F">Faculty of Science</subfield>
    <subfield code="U">Cairo University</subfield>
    <subfield code="b">1995</subfield>
    <subfield code="c">M. El Sharkawy</subfield>
    <subfield code="c">Wolfgang E. Krumbein</subfield>
    <subfield code="c">George Philip</subfield>
  </datafield>
  <datafield tag="905" ind1=" " ind2=" ">
    <subfield code="a">Nehad</subfield>
  </datafield>
  <datafield tag="942" ind1=" " ind2=" ">
    <subfield code="2">ddc</subfield>
    <subfield code="c">TH</subfield>
    <subfield code="e">21</subfield>
    <subfield code="n">0</subfield>
  </datafield>
  <datafield tag="999" ind1=" " ind2=" ">
    <subfield code="c">180144</subfield>
  </datafield>
  <datafield tag="952" ind1=" " ind2=" ">
    <subfield code="2">ddc</subfield>
    <subfield code="9">318058</subfield>
    <subfield code="a">CUCL</subfield>
    <subfield code="b">100</subfield>
    <subfield code="d">2026-05-14</subfield>
    <subfield code="i">25859</subfield>
    <subfield code="o">Cai01.12.15.1995.Am.G</subfield>
    <subfield code="p">01010110025859000</subfield>
    <subfield code="r">2026-05-14 10:34:06</subfield>
    <subfield code="w">2026-05-14</subfield>
    <subfield code="y">TH</subfield>
  </datafield>
</record>
